|
|
|
|
| LEADER |
00968nam a2200277 4500 |
| 001 |
DLU090090619 |
| 005 |
##20090526 |
| 040 |
# |
# |
|a DLU
|b vie
|
| 041 |
# |
# |
|a vie
|
| 044 |
# |
# |
|a vn
|
| 100 |
# |
# |
|a Nguyễn Lương Phương,
|c ThS.
|
| 245 |
# |
# |
|a Những đặc điểm của hoạt động xuất khẩu lao động và những giải pháp pháp lý nhằm đẩy mạnh xuất khẩu lao động trong tình hình mới /
|c Nguyễn Lương Phương.
|
| 653 |
# |
# |
|a Đặc điểm
|
| 653 |
# |
# |
|a Giải pháp pháp lý
|
| 653 |
# |
# |
|a Hoạt động xuất khẩu lao động
|
| 653 |
# |
# |
|a Xuất khẩu lao động
|
| 773 |
# |
# |
|t Nhà nước và pháp luật
|g Số 4, 2000, tr. 52-58
|
| 920 |
# |
# |
|a Phòng Tạp chí -- Trung tâm Thông tin - Thư viện Trường Đại học Đà Lạt
|
| 994 |
# |
# |
|a DLU
|
| 900 |
# |
# |
|a True
|
| 911 |
# |
# |
|a Nguyễn Thị Mai Anh
|
| 925 |
# |
# |
|a G
|
| 926 |
# |
# |
|a A
|
| 927 |
# |
# |
|a BB
|
| 980 |
# |
# |
|a Thư viện Trường Đại học Đà Lạt
|